JRA 日本競馬 イクイノックスのサイアーライン - Statistics

General Stats
  • This quiz has been taken 48 times
  • The average score is 7 of 26
Answer Stats
生産年 生涯成績 主な勝ち鞍 馬名 % Correct
27 2012 20戦12勝 菊花賞、天皇賞(春)2回、ジャパンカップ、大阪杯、天皇賞(秋)、有馬記念 キタサンブラック
100%
25 1986 14戦9勝 サンタアニタダービー、ケンタッキーダービー、プリークネスS、スーパーダービー、BCクラシック、カリフォルニアンS サンデーサイレンス
94%
26 2001 22戦3勝 スプリングS ブラックタイド
92%
24 1969 31戦9勝 ユナイテッドネイションズHC Halo
75%
5 1764 18戦18勝 Eclipse
56%
23 1958 18戦9勝 米ホープフルS Hail to Reason
56%
6 1773 40戦34勝 1200ギニーS、ジョッキークラブプレート3回 Potoooooooo
39%
20 1935 14戦14勝 伊グランクリテリウム、パリオリ賞、伊ダービー、ミラノ大賞典、パリ大賞典 Nearco
36%
18 1913 24戦16勝 Phalaris
25%
21 1942 20戦6勝 Royal Charger
25%
19 1920 30戦14勝 チャンピオンS Pharos
22%
22 1951 8戦6勝 Turn-to
22%
2 1716 不出走 Bartlet's Childers
11%
4 1750 6戦3勝 Marske
6%
3 1732 不明 Squirt
6%
15 1889 7戦3勝 2000ギニー Bona Vista
3%
16 1895 11戦9勝 アスコットゴールドC、ジョッキークラブS Cyllene
3%
9 1826 8戦7勝 クラレットS Sir Hercules
3%
12 1849 16戦11勝 2000ギニー、セントレジャーS Stockwell
3%
7 1790 12戦11勝 英ダービー Waxy
3%
8 1807 20戦14勝 英ダービー Whalebone
3%
14 1877 14戦10勝 英ダービー、チャンピオンS Bend Or
0%
10 1833 15戦7勝 Birdcatcher
0%
13 1870 10戦4勝 英ダービー、グッドウッドC、アスコットゴールドC Doncaster
0%
17 1902 31戦11勝 チャンピオンS Polymelus
0%
11 1842 9戦5勝 セントレジャーS The Baron
0%
No matching quizzes found
Score Distribution
Percent of People with Each Score
Percentile by Number Answered
Your Score History
You have not taken this quiz